Contemporary Abstract Algebra/ (Record no. 33688)

MARC details
000 -LEADER
fixed length control field 00866nam a22002297a 4500
008 - FIXED-LENGTH DATA ELEMENTS--GENERAL INFORMATION
fixed length control field 100203t xxu||||| |||| 00| 0 eng d
010 ## - LCCN (DPL NO)
LC control number B-365435
020 ## - INTERNATIONAL STANDARD BOOK NUMBER
International Standard Book Number 8173192693
Terms of availability 280.00
035 ## - SYSTEM CONTROL NUMBER
System control number B-365435
037 ## - SOURCE OF ACQUISITION
Stock number UBH
Source of stock number/acquisition RP/CL/E;22/92/17-12-09/22-12-09/23-12-09
040 ## - CATALOGING SOURCE
Original cataloging agency dpl
Language of cataloging eng
082 ## - DEWEY DECIMAL CLASSIFICATION NUMBER
Classification number 512.02
100 ## - MAIN ENTRY--PERSONAL NAME
Personal name Gallian,Joseph A.
245 ## - TITLE STATEMENT
Title Contemporary Abstract Algebra/
Statement of responsibility, etc by Joseph A. Gallian
250 ## - EDITION STATEMENT
Edition statement 4thed
260 ## - PUBLICATION, DISTRIBUTION, ETC. (IMPRINT)
Place of publication, distribution, etc New Delhi
Name of publisher, distributor, etc Narosa Publishing House
Date of publication, distribution, etc 2009
270 ## - ADDRESS
Address 22 Daryaganj
City New Delhi
Postal code 110002
300 ## - PHYSICAL DESCRIPTION
Extent xii,583pgs
Dimensions 22cm
942 ## - ADDED ENTRY ELEMENTS (KOHA)
Source of classification or shelving scheme Dewey Decimal Classification
Item type English Books
Classification part 512.02
Call number suffix GAL
Holdings
Withdrawn status Lost status Source of classification or shelving scheme Damaged status Not for loan Home library Current library Date acquired Source of acquisition Cost, normal purchase price Total Checkouts Full call number Barcode Date last seen Cost, replacement price Koha item type
    Dewey Decimal Classification     Central Library Central Library 09/12/2009 RP/CL 280.00   512.02 GAL B-365435 03/02/2010 280.00 English Books

© Delhi Public Library
Hit Counter
free hit counter